Palabras que acaban en "LOGÍA" - Estadísticas

Estadísticas generales
  • Esta prueba ha sido intentada 88 veces
  • La puntuación promedio es 10 de 23
Estadísticas de respuestas
Estudio de... -logía % Correcto
Vida {Bio}logía
89%
Horóscopos {Astro}logía
75%
La Tierra {Geo}logía
71%
Animales {Zoo}logía
71%
Religión {Teo}logía
69%
La mente {Psic}ología
67%
Humanos {Antrop}ología
57%
Piel {Dermat}ología
57%
Clima {Meteor}ología
55%
Agua {Hidro}logía
52%
Sismos y terremotos {Sism}ología
48%
Aves {Ornit}ología
37%
Origen de las palabras {Etim}ología
36%
Dinosaurios {Paleont}ología
36%
El medio ambiente {Eco}logía
33%
Historia familiar {Genea}logía
31%
El universo {Cosmo}logía
25%
Hongos {Mic}ología
25%
Culturas antiguas {Arqueo}logía
23%
Cabello y belleza {Cosmet}ología
9%
Bebidas alcoholicas {Mix}ología
9%
China {Sin}ología
7%
El gobierno soviético {Kremlin}ología
3%
No se encontraron pruebas coincidentes
Distribución de puntuación
Porcentaje de gente con cada puntuación
Porcentaje por número respondido
Historial de tus puntuaciones
No has intentado esta prueba.